000
00274nam a2200109Ia 4500
008
240126s9999 xx 000 0 und d
041
_a
English
245
0
_a
IEEE Control Systems Magazine (2004 -
440
_a
NULL
650
_a
IEEE,Control,Systems,Magazine
942
_c
JN
999
_c
249728
_d
249728